Introduction to marketing (Record no. 2632)

MARC details
000 -LEADER
fixed length control field 00442 a2200181 4500
001 - CONTROL NUMBER
control field 069022
003 - CONTROL NUMBER IDENTIFIER
control field OSt
005 - DATE AND TIME OF LATEST TRANSACTION
control field 20220401112802.0
008 - FIXED-LENGTH DATA ELEMENTS--GENERAL INFORMATION
fixed length control field
082 ## - DEWEY DECIMAL CLASSIFICATION NUMBER
Classification number 658.8
Item number P18I
100 1# - MAIN ENTRY--PERSONAL NAME
Personal name Palmer, Adrian
245 1# - TITLE STATEMENT
Title Introduction to marketing
Statement of responsibility, etc by Adrian Palmer
250 ## - EDITION STATEMENT
Edition statement 2nd ed.
260 ## - PUBLICATION, DISTRIBUTION, ETC. (IMPRINT)
Place of publication, distribution, etc New Delhi
Name of publisher, distributor, etc Oxford University Press
Date of publication, distribution, etc 2010
300 ## - PHYSICAL DESCRIPTION
Extent 551p.
653 ## - INDEX TERM--UNCONTROLLED
Uncontrolled term Marketing
942 ## - ADDED ENTRY ELEMENTS (KOHA)
Source of classification or shelving scheme Dewey Decimal Classification
Koha item type Books
Holdings
Withdrawn status Lost status Source of classification or shelving scheme Damaged status Not for loan Collection code Home library Current library Date acquired Source of acquisition Cost, normal purchase price Total Checkouts Full call number Barcode Date last seen Price effective from Koha item type
    Dewey Decimal Classification     General Text Book Central University Of Rajasthan Central University Of Rajasthan 07/03/2012 MGM 395.00   658.8 P18I 3309 21/11/2024 02/09/2020 Books